000 00700nam a2200289Ia 4500
005 20260324131614.0
008 008 260324s9999 xx 000 0 eng d
020 _a9780203014721
037 _aEBOOK
040 _aCRL
040 _beng
040 _cCRL
041 _2eng
041 _aeng
084 _qCRL
100 _aJames N. Rosenau
_91180846
245 4 _aThe Study of World Politics
245 0 _bVolume 1: Theoretical and Methodological Challenges
260 _bTaylor and Francis
260 _c2006
365 _a
365 _b255
856 _uhttp://www.taylorfrancis.com/books/9780203014721
942 _cEBOOK
999 _c1783462
_d1783462